000 00460nam a2200169Ia 4500
001 25505
003 IN-NITTTR
005 20251114233323.0
008 251113s9999||||xx |||||||||||||| ||eng||
040 _beng
040 _cIN-NITTTR
041 _aeng
082 _a915.404 Z81I
100 _aZulfikar, Mohammed
245 0 _aIntroduction to tourism and hotel industry with special focus on front office management. /
_cZulfikar, Mohammed
942 _2ddc
_cBK
999 _c28134
_d28134